[Event "La Plata Spring op"]
[Site "La Plata"]
[Date "2018.09.23"]
[Round "7.3"]
[White "Ochotorena, Sergio"]
[Black "Ferreyra, Gustavo"]
[Result "1-0"]
[WhiteElo "1714"]
[BlackElo "1716"]
[PlyCount "37"]
[EventDate "2018.09.11"]
[EventType "swiss"]
[EventRounds "7"]
[EventCountry "ARG"]
[SourceTitle "EXT 2024"]
[Source "ChessBase"]
[SourceDate "2023.10.10"]
[SourceVersion "1"]
[SourceVersionDate "2023.10.10"]
[SourceQuality "1"]

1. e4 e5 2. Nf3 Nc6 3. Bb5 a6 4. Ba4 Nf6 5. 0-0 b5 6. Bb3 Bc5 7. d3 0-0 8. c3 d6 9. Bg5 h6 10. Bh4 g5 11. Nxg5 hxg5 12. Bxg5 Kg7 13. Kh1 Ne7 14. f4 Nh7 15. Bh4 Qe8 16. f5 Ng8 17. Rf3 Ngf6 18. Qd2 Nh5 19. f6+ 1-0

[Event "La Plata Spring op"]
[Site "La Plata"]
[Date "2018.09.16"]
[Round "4.6"]
[White "Ochotorena, Sergio"]
[Black "Corda, Marcelo"]
[Result "0-1"]
[WhiteElo "1714"]
[BlackElo "1580"]
[PlyCount "62"]
[EventDate "2018.09.11"]
[EventType "swiss"]
[EventRounds "7"]
[EventCountry "ARG"]
[SourceTitle "EXT 2024"]
[Source "ChessBase"]
[SourceDate "2023.10.10"]
[SourceVersion "1"]
[SourceVersionDate "2023.10.10"]
[SourceQuality "1"]

1. e4 e6 2. d4 d5 3. Nd2 c5 4. Ngf3 Nc6 5. c3 Nf6 6. e5 Nd7 7. Bd3 cxd4 8. cxd4 Be7 9. 0-0 0-0 10. Re1 Re8 11. Nf1 Nf8 12. Ng3 b6 13. Be3 Bb7 14. Rc1 Rc8 15. a3 a6 16. Qe2 b5 17. Qd2 Na5 18. Rxc8 Bxc8 19. Bg5 Bxg5 20. Nxg5 Nc4 21. Bxc4 dxc4 22. N5e4 Ng6 23. Nd6 Rf8 24. Nge4 Ne7 25. Re3 Bd7 26. Rh3 Nd5 27. Qd1 f5 28. Qh5 h6 29. Qg6 Nf4 30. Nf6+ Rxf6 31. Qxf6 Nxh3+ 0-1

[Event "Platense-ch"]
[Site "La Plata"]
[Date "2018.01.09"]
[Round "5"]
[White "Ochotorena, Sergio"]
[Black "Perez Grizia, Jorge Adrian"]
[Result "0-1"]
[WhiteElo "1713"]
[BlackElo "1919"]
[PlyCount "81"]
[EventDate "2018.01.03"]
[EventType "swiss"]
[EventRounds "9"]
[EventCountry "ARG"]
[SourceTitle "EXT 2019"]
[Source "ChessBase"]
[SourceDate "2018.10.10"]
[SourceVersion "1"]
[SourceVersionDate "2018.10.10"]
[SourceQuality "1"]

1. e4 c6 2. d4 d5 3. Nc3 dxe4 4. Nxe4 Nd7 5. Nf3 Ngf6 6. Bd3 Nxe4 7. Bxe4 Nf6 8. Bd3 Bg4 9. c3 Qc7 10. Bg5 e6 11. 0-0 Bd6 12. h3 Bh5 13. Re1 0-0 14. Bxf6 gxf6 15. g4 Bg6 16. Nh4 Kg7 17. Rc1 Qa5 18. a3 Rad8 19. Nxg6 hxg6 20. Qf3 Qg5 21. Kg2 Rh8 22. Rh1 Rh4 23. Rcd1 f5 24. Be2 Rdh8 25. Rdg1 Kf8 26. c4 Kg7 27. b4 fxg4 28. hxg4 Rh2+ 29. Rxh2 Rxh2+ 30. Kf1 Qc1+ 31. Bd1 Qxc4+ 32. Be2 Qxd4 33. g5 Qa1+ 34. Bd1 Be5 35. Qe2 Bd4 36. Rg2 Rh1+ 37. Rg1 Rh3 38. Kg2 Rh5 39. Qg4 Qb2 40. Be2 e5 41. Qg3 0-1

[Event "Platense-ch"]
[Site "La Plata"]
[Date "2018.01.04"]
[Round "2"]
[White "Ochotorena, Sergio"]
[Black "Veliz, Daira Isis"]
[Result "1-0"]
[WhiteElo "1713"]
[BlackElo "1328"]
[PlyCount "47"]
[EventDate "2018.01.03"]
[EventType "swiss"]
[EventRounds "9"]
[EventCountry "ARG"]
[SourceTitle "EXT 2019"]
[Source "ChessBase"]
[SourceDate "2018.10.10"]
[SourceVersion "1"]
[SourceVersionDate "2018.10.10"]
[SourceQuality "1"]

1. e4 e6 2. d4 d5 3. Nd2 Nf6 4. e5 Nfd7 5. Bd3 c5 6. c3 Nc6 7. Ngf3 Qb6 8. 0-0 cxd4 9. cxd4 Nxd4 10. Nxd4 Qxd4 11. Nf3 Qb6 12. Be3 Qxb2 13. Qa4 Qa3 14. Qc2 Qa5 15. Rfc1 Be7 16. Rab1 0-0 17. Bxh7+ Kh8 18. Bd3 Qd8 19. Qe2 f6 20. Ng5 Qe8 21. Nxe6 Rg8 22. Qg4 Nxe5 23. Qh3+ Qh5 24. Qxh5# 1-0

[Event "Berisso Manrique op 4th"]
[Site "Berisso"]
[Date "2017.10.13"]
[Round "3.1"]
[White "Ochotorena, Sergio"]
[Black "Guzman, Ezequiel"]
[Result "0-1"]
[WhiteElo "1683"]
[BlackElo "1820"]
[PlyCount "57"]
[EventDate "2017.10.06"]
[EventType "swiss"]
[EventRounds "6"]
[EventCountry "ARG"]
[SourceTitle "EXT 2024"]
[Source "ChessBase"]
[SourceDate "2023.10.10"]
[SourceVersion "1"]
[SourceVersionDate "2023.10.10"]
[SourceQuality "1"]

1. e4 e6 2. d4 d5 3. Nd2 Nf6 4. e5 Nfd7 5. Bd3 c5 6. c3 Nc6 7. Ne2 cxd4 8. cxd4 f6 9. exf6 Nxf6 10. 0-0 Bd6 11. Nf3 0-0 12. Bg5 Qb6 13. b3 Bd7 14. Bf4 Ba3 15. Be5 Nxe5 16. dxe5 Ng4 17. Qd2 Rxf3 18. gxf3 Nxe5 19. Kg2 Rf8 20. f4 Nxd3 21. Qxd3 Bb5 22. Qd2 Bxe2 23. Qxe2 Rxf4 24. Rae1 Rf6 25. Qc2 Qd8 26. Re3 e5 27. Rd1 Rf4 28. Qc4 Qg5+ 29. Rg3 0-1

[Event "Berisso Chessniacs sf 5th"]
[Site "Berisso"]
[Date "2016.08.26"]
[Round "1.3"]
[White "Vaccaro, Esteban A"]
[Black "Ochotorena, Sergio"]
[Result "0-1"]
[WhiteElo "1895"]
[BlackElo "1661"]
[PlyCount "61"]
[EventDate "2016.08.26"]
[EventType "swiss"]
[EventRounds "6"]
[EventCountry "ARG"]
[SourceTitle "EXT 2024"]
[Source "ChessBase"]
[SourceDate "2023.10.10"]
[SourceVersion "1"]
[SourceVersionDate "2023.10.10"]
[SourceQuality "1"]

1. f4 d5 2. Nf3 Nc6 3. g3 Nf6 4. Bg2 Bf5 5. 0-0 e6 6. e3 Bd6 7. Nc3 a6 8. d3 0-0 9. h3 h6 10. g4 Bg6 11. Qe2 h5 12. g5 Nd7 13. Nh4 Ne7 14. Nxg6 fxg6 15. e4 c6 16. Kh1 Qc7 17. Qd2 Rf7 18. Ne2 Raf8 19. Qe1 dxe4 20. dxe4 e5 21. f5 gxf5 22. exf5 Nxf5 23. Bd2 g6 24. Nc3 Nc5 25. Ne4 Nxe4 26. Bxe4 Ng3+ 27. Qxg3 Rxf1+ 28. Rxf1 Rxf1+ 29. Kg2 Rd1 30. Bc3 Qf7 31. Bf3 0-1